| 000 | 01537nam a2200373Ia 4500 | ||
|---|---|---|---|
| 001 | ebr10575830 | ||
| 003 | CaPaEBR | ||
| 006 | m u | ||
| 007 | cr cn||||||||| | ||
| 008 | 061031s2007 nyu sb 001 0 eng d | ||
| 010 | _z 2006036597 | ||
| 020 | _z9780791472033 (hardcover : alk. paper) | ||
| 020 | _z9780791479544 | ||
| 040 |
_aCaPaEBR _cCaPaEBR |
||
| 035 | _a(OCoLC)190791896 | ||
| 050 | 1 | 4 |
_aB945.D44 _bW36 2007eb |
| 100 | 1 | _aWang, Jessica Ching-Sze. | |
| 245 | 1 | 0 |
_aJohn Dewey in China _h[electronic resource] : _bto teach and to learn / _cJessica Ching-Sze Wang. |
| 260 |
_aAlbany : _bState University of New York Press, _cc2007. |
||
| 300 | _aviii, 152 p. | ||
| 490 | 1 | _aSUNY series in Chinese philosophy and culture | |
| 504 | _aIncludes bibliographical references (p. 141-147) and index. | ||
| 533 |
_aElectronic reproduction. _bPalo Alto, Calif. : _cebrary, _d2013. _nAvailable via World Wide Web. _nAccess may be limited to ebrary affiliated libraries. |
||
| 600 | 1 | 0 |
_aDewey, John, _d1859-1952. |
| 650 | 0 |
_aSocial sciences _xPhilosophy. |
|
| 650 | 0 |
_aEducation _xPhilosophy. |
|
| 650 | 0 |
_aPolitical science _xPhilosophy. |
|
| 651 | 0 |
_aUnited States _xForeign relations _zChina. |
|
| 651 | 0 |
_aChina _xForeign relations _zUnited States. |
|
| 655 | 7 |
_aElectronic books. _2local |
|
| 710 | 2 | _aebrary, Inc. | |
| 830 | 0 | _aSUNY series in Chinese philosophy and culture. | |
| 856 | 4 | 0 |
_uhttp://site.ebrary.com/lib/rucke/Doc?id=10575830 _zAn electronic book accessible through the World Wide Web; click to view |
| 999 |
_c78376 _d78376 |
||